Straftat oder Ordnungswidrigkeit? - Statistiken

Allgemein
  • Dieses Quiz wurde 100 mal gespielt
  • Das Durchschnittsergebnis liegt bei 3 aus 11
Answers on the Grid
Answers color-coded by a green-red scale on the quiz's grid according to % correct below.
Falsche Namensangabe
Verrat illegaler Geheimnisse
Störpropaganda gegen die Bundeswehr
Unterlaubte Ansammlung
Verunglimpfung des Bundespräsidenten
Herstellen von papiergeldähnlichen Drucksachen
Mißbrauch von Berufstrachten
Benutzen von Wappen oder Dienstflaggen
Verunglimpfung des Staates und seiner Symbole
Öffentliche Aufforderung zu Ordnungswidrigkeiten
Öffentliche Aufforderung zu Straftaten
Siegelbruch
Verunglimpfung des Andenkens Verstorbener
Unzulässiger Lärm
Belästigung der Allgemeinheit
Sportwettbetrug
Mißbrauch von Scheck- und Kreditkarten
Unbefugtes Ausstellen von Gesundheitszeugnissen
Fischwilderei
Halten gefählicher Tiere
 
Antwortstatistiken
Antwort % Korrekt
Verrat illegaler Geheimnisse
44%
Störpropaganda gegen die Bundeswehr
41%
Mißbrauch von Scheck- und Kreditkarten
33%
Öffentliche Aufforderung zu Straftaten
31%
Sportwettbetrug
31%
Verunglimpfung des Bundespräsidenten
28%
Unbefugtes Ausstellen von Gesundheitszeugnissen
21%
Verunglimpfung des Staates und seiner Symbole
20%
Fischwilderei
16%
Siegelbruch
15%
Verunglimpfung des Andenkens Verstorbener
7%
Keine übereinstimmenden Quizze gefunden
Verteilung der Resultate
Anzahl Personen mit jedem Resultat
Perzentil nach korrekt beantworteten Fragen
Ihre Resultats-Entwicklung
Sie haben dieses Quiz noch nicht gespielt